Kraje z największą ilością zarejestrowanych klubów piłkarski - Statystyki

Ogólne statystyki
  • Ten quiz został rozwiązany 1 075 razy
  • Średni wynik to 8 z 10
Statystyki odpowiedzi
Ilość zarejestrowanych klubów Kraj % Poprawnych
ok. 27 000 Niemcy
98%
ok. 11 000 Hiszpania
97%
ok. 22 000 Francja
95%
ok. 42 000 Wielka Brytania
92%
ok. 13 000 Brazylia
91%
ok. 44 000 Rosja
91%
ok. 22 000 Włochy
90%
ok. 14 000 Japonia
58%
ok. 52 000 Republika Południowej Afryki
37%
ok. 15 000 Uzbekistan
13%
Nie znaleziono quizów pasujących do podanych kryteriów
Rozkład punktacji
Procent ludzi z każdym wynikiem
Percentyl według liczby udzielonych odpowiedzi
Twoja historia wyników
Nie rozwiązałeś tego quizu